| 000 | 02154nam0a2200445 4500 | ||
|---|---|---|---|
| 001 | RU\NLR\bibl\323310 | ||
| 005 | 20250621143201.0 | ||
| 010 |
_a5-93139-104-5 _9500 |
||
| 021 |
_aRU _b2002-32770 _91618 |
||
| 035 | _a(NLR Aleph) 000318332 | ||
| 090 |
_a81165 _c81165 |
||
| 100 | _a20021016d2001 |||y0rusy50 ca | ||
| 101 | 0 | _arus | |
| 102 | _aRU | ||
| 105 | _aa ||||||||| | ||
| 200 | 1 |
_aОсновы динамической метрологии и анализа результатов статистической обработки _dBasics of dynamical metrology and analysis of the results of statistical data treatment _e(Биология, медицина, химия, физика) _fР. Х. Тукшаитов _zeng |
|
| 210 |
_aКазань _cМастер Лайн _d2001 |
||
| 215 |
_a282 с. _d21 |
||
| 300 | _aАвт. также на англ. яз.: R. Kh. Tukshaitov | ||
| 300 | _aНа обороте тит. л. авт.: Р.Х. Тукшаитов - д.б.н., проф., засл. деят. науки Респ. Татарстан | ||
| 320 | _aБиблиогр.: с. 208-222 | ||
| 510 | 0 |
_aBasics of dynamical metrology and analysis of the results of statistical data treatment _zeng |
|
| 606 | 0 |
_aМетрология в естествознании _92265221 _3RU\NLR\auth\661357969 |
|
| 606 | 0 |
_aЕстествознание _xМетрологическое обеспечение _92265218 _3RU\NLR\auth\661357967 |
|
| 606 | 0 |
_aСтатистические методы в естествознании _92218444 _3RU\NLR\auth\661332244 |
|
| 606 | 0 |
_aЕстествознание _xСтатистические методы _92218442 _3RU\NLR\auth\661332243 |
|
| 610 | 0 | _aМетрология | |
| 610 | 0 | _aСтатистический анализ | |
| 675 |
_a5:519.2 _v3 _zrus |
||
| 686 |
_a27/43 _2rugasnti |
||
| 686 |
_a20 _2rubbk |
||
| 686 | _aБ.в614 | ||
| 686 | _aБ.в647 | ||
| 700 | 1 |
_aТукшаитов _bР. Х. _gРафаил Хасьянович _4070 |
|
| 801 | 0 |
_aRU _bRKP _c20021016 _gPSBO |
|
| 801 | 1 |
_aRU _bRKP _c20021016 |
|
| 801 | 2 |
_aRU _bNLR _c20021122 _grcr |
|
| 942 | _cBOOK | ||
| 980 | _aNB | ||